01421nam a2200349Ia 4500001001200000003000800012006001900020007001500039008004100054010001700095020002600112020002300138040002100161035002100182050002800203245011800231260005200349300005700401490005100458504005100509533015200560650003100712650001400743650003300757655002900790700001800819700002200837710001700859830005200876856012600928999001701054ebr10346015CaPaEBRm u cr cn|||||||||090420s2009 njuaf sb 001 0 eng d z 2009015924 z9780470197561 (cased) z0470197560 (cased) aCaPaEBRcCaPaEBR a(OCoLC)44188697314aQR186.6.C37bC37 2009eb00aCarbohydrate-based vaccines and immunotherapiesh[electronic resource] /cedited by Zhongwu Guo, Geert-Jan Boons. aHoboken, N.J. ;aOxford, [UK] :bWiley,cc2009. axviii, 408 p., [8] p. of plates :bill. (some col.).1 aWiley series in drug discovery and development aIncludes bibliographical references and index. aElectronic reproduction.bPalo Alto, Calif. :cebrary,d2011.nAvailable via World Wide Web.nAccess may be limited to ebrary affiliated libraries. 0aCarbohydratesxImmunology. 0aVaccines. 0aGlycoconjugatesxImmunology. 7aElectronic books.2local1 aGuo, Zhongwu.1 aBoons, Geert-Jan.2 aebrary, Inc. 0aWiley series in drug discovery and development.40uhttp://site.ebrary.com/lib/rucke/Doc?id=10346015zAn electronic book accessible through the World Wide Web; click to view c48308d48308